Portugal na rota das especiarias (Registo nº 4080)
[ vista simples ]
| 000 -Etiqueta do registo | |
|---|---|
| Cabeçalho | 01206cam a2200349 4500 |
| 005 - Identificador da versão | |
| Campo de controlo | 20240813122052.0 |
| 095 ## - | |
| -- | PTBN00785834 |
| 010 ## - Número internacional normalizado dos livros (ISBN) | |
| Número (ISBN) | 9722707787 |
| 021 ## - Número do Depósito Legal | |
| Código do país | PT |
| Número | 92945/95 |
| 100 ## - Dados gerais de processamento | |
| Dados gerais de processamento | 19951213d1995 m y0pory5003 ba |
| 102 ## - Pais de publicação ou produção | |
| País de publicação | Portugal |
| 101 1# - Língua de publicação | |
| Língua do texto, banda sonora, etc. | Português |
| -- | Inglês |
| 106 ## - Campo de dados codificados: material textual | |
| Dados codificados do material textual | r |
| 105 ## - Campo de dados codificados: livros | |
| Dados codificados dos livros | af z 001yy |
| 215 ## - Descrição física | |
| Indicação específica da natureza do documento e extensão da espécie | 154 p., [37] p. il. |
| Outras indicações físicas | il. |
| Dimensões | 21 cm |
| 200 1# - Titulo e menção de responsabilidade | |
| Título próprio | Portugal na rota das especiarias |
| Informação de outro título | de Malaca à Austrália |
| Título paralelo | Portugal on the seaway to spices |
| Informação de outro título | from Malacca to Australia |
| Primeira menção de responsabilidade | Artur Teodoro de Matos |
| Outras menções de responsabilidade | trad. Reginald Albert Brown |
| 210 ## - Publicação, Distribuição, etc. | |
| Lugar da edição, distribuição, etc. | [Lisboa] |
| Nome do editor, distribuidor, etc. | Imp. Nac.-Casa da Moeda |
| Data da publicação, distribuição, etc. | 1995 |
| 320 ## - Nota relativa a bibliografia e índices internos | |
| Texto da nota | Bibliografia, p. 149-154 |
| 510 1# - Título paralelo | |
| Título paralelo | Portugal on the seaway to spices |
| Language of Title | eng |
| 606 ## - Nome comum usado como assunto | |
| Número de registo de entrada de autoridade | 0000632 |
| Código do sistema | SIPOR |
| Número de registo de entrada de autoridade | 0000633 |
| Código do sistema | SIPOR |
| Número de registo de entrada de autoridade | 0000634 |
| Palavra de ordem | Ásia (Sudeste) |
| Subdivisão de assunto | Colonização portuguesa |
| Subdivisão cronológica | Séc. 16 |
| Código do sistema | SIPOR |
| 675 ## - Classificação Decimal Universal (CDU) | |
| Notação | 910.4"14/15"(5-12) |
| Edição | BN |
| Língua da edição | por |
| Notação | 347.79(=1.469)"15" |
| Edição | BN |
| Língua da edição | por |
| Notação | 325.3(=1.469)(5-12)"15" |
| Edição | BN |
| Língua da edição | por |
| 702 #1 - Nome de autor-pessoa física (responsabilidade secundária) | |
| Número de registo de entrada de autoridade | 0000639 |
| Palavra de ordem | Brown |
| Outra parte do nome não tomada para palavra de ordem | Reginald Albert |
| Código de função | Tradutor |
| 700 #1 - Nome de autor-pessoa física (responsabilidade principal) | |
| Número de registo de entrada de autoridade | 0000638 |
| Palavra de ordem | Matos |
| Outra parte do nome não tomada para palavra de ordem | Artur Teodoro de |
| Datas | 1943- |
| 942 ## - Elementos de entrada adicionados (Koha) | |
| Tipo de item no Koha | Livro |
| Situação do levantamento | Origin of item (home branch) (coded) | Biblioteca de empréstimo | Código de barras | Cota | Circulation type (not for loan) | Tipo de documento | Nota do exemplar | Damaged status |
|---|---|---|---|---|---|---|---|---|
| Biblioteca Escolar das Vendas | Biblioteca Escolar das Vendas | BEV931 | 9PT MAT | Livro | Sem mensagem |
